| 000 | 01534nam a2200361Ia 4500 | ||
|---|---|---|---|
| 001 | ebr10257010 | ||
| 003 | CaPaEBR | ||
| 006 | m u | ||
| 007 | cr cn||||||||| | ||
| 008 | 000330s2000 enka sb 000 0 eng d | ||
| 010 | _z 00037872 | ||
| 020 | _z9780851994796 | ||
| 020 | _z0851994792 (alk. paper) | ||
| 040 |
_aCaPaEBR _cCaPaEBR |
||
| 035 | _a(OCoLC)70735857 | ||
| 050 | 1 | 4 |
_aSB951.145.N37 _bH37 2000eb |
| 100 | 1 | _aHarris, Jeremy. | |
| 245 | 1 | 0 |
_aPriorities in biopesticide research and development in developing countries _h[electronic resource] / _cJeremy Harris and David R. Dent. |
| 260 |
_aWallingford, UK ; _aNew York : _bCABI Pub., _cc2000. |
||
| 300 |
_avii, 70 p. : _bill. |
||
| 490 | 1 |
_aBiopesticides series ; _v2 |
|
| 504 | _aIncludes bibliographical references (p. 39-40). | ||
| 533 |
_aElectronic reproduction. _bPalo Alto, Calif. : _cebrary, _d2011. _nAvailable via World Wide Web. _nAccess may be limited to ebrary affiliated libraries. |
||
| 650 | 0 |
_aNatural pesticides _zDeveloping countries. |
|
| 650 | 0 |
_aBiological pest control agents _zDeveloping countries. |
|
| 650 | 0 |
_aNatural pesticides _xResearch _zDeveloping countries. |
|
| 650 | 0 |
_aBiological pest control agents _xResearch _zDeveloping countries. |
|
| 655 | 7 |
_aElectronic books. _2local |
|
| 700 | 1 |
_aDent, David, _cPh. D. |
|
| 710 | 2 | _aebrary, Inc. | |
| 830 | 0 |
_aBiopesticides series ; _v2. |
|
| 856 | 4 | 0 |
_uhttp://site.ebrary.com/lib/rucke/Doc?id=10257010 _zAn electronic book accessible through the World Wide Web; click to view |
| 999 |
_c13500 _d13500 |
||